| 000 | 01146nam0a22002771 4500 | ||
|---|---|---|---|
| 001 | rc\4825530 | ||
| 005 | 20250612191918.0 | ||
| 021 |
_aRU _b[60-14148] |
||
| 035 | _a(NLR Aleph) 008803075 | ||
| 090 |
_a8114098 _c8114098 |
||
| 100 | _a20130426d1960 |||y0rusy50 ca | ||
| 101 | 0 | _arus | |
| 102 | _aRU | ||
| 105 | _aa z |||a| | ||
| 200 | 1 |
_aРассказы для детей _e[Для сред. возраста _fИл.: М. Заводчиков] |
|
| 210 |
_aСвердловск _cКн. изд-во _d1960 |
||
| 215 |
_a91 с. _cил. _d22 |
||
| 327 | 1 | _aСодерж.: Подарок деда; Первый заработок; Случай на лугу; Волк; В борьбе мужали; Сад; Котенок | |
| 464 | 0 |
_12001#$aПодарок деда$aПервый заработок$aСлучай на лугу$aВолк$aВ борьбе мужали$aСад$aКотенок _tКотенок |
|
| 700 | 1 |
_aШумилов _bГ.П. _gГригорий Павлович |
|
| 702 | 1 |
_aЗаводчиков _bМ. _4440 |
|
| 801 | 0 |
_aRU _bNLR _gpsbo |
|
| 801 | 1 |
_aRU _bELAR _2rusmarc |
|
| 852 |
_aNLR _j60-6/1315 |
||
| 942 | _cBOOK | ||
| 980 | _aNB | ||